LEADER 01214nam a2200265 i 4500 001 000000185713 003 CaOOAMICUS 005 20160111000000.0 008 160111s2014 it u000 u ita u 013 $a163747 020 $a9788889546611 040 $aSeMil$bita 245 10$aMilano e le sue associazioni :$bcinque secoli di storia cittadina (16.-20. secolo) /$ca cura di Lucia Aiello, Marco Bascapè, Danilo Zardin. 260 $aMilano :$bScalpendi,$ccopyr. 2014. 300 $a179 p. :$bill. ;$c28 cm. 650 4$aMilano - Associazioni - Sec. 16.-20.$0(OLS)http://semarc/subject/35069 700 1 $aAiello, Lucia.$0(OLS)http://semarc/name/68258 700 1 $aZardin, Danilo,$d<1954- >.$0(OLS)http://semarc/name/21038 700 1 $aBascapè, Marco.$0(OLS)http://semarc/name/68259 850 $aSeMil 852 $aSeMil$W1$xVenegono$y1$m5P XVI 35$j136404$B136404$CSeMilBibl$Z2$F147940 $81 961 $aOmaggio: Zardin Danilo 996 $6020$a9788889546611$9(OLS)http://semarc/number/175897 996 $6245$aMilano e le sue associazioni :$bcinque secoli di storia cittadina (16.-20. secolo)$9(OLS)http://semarc/title/266953 996 $6260$aMilano :$bScalpendi$9(OLS)http://semarc/publisher/36006 LEADER 00947nam a2200229 i 4500 001 000000190735 003 CaOOAMICUS 005 20100630000000.0 008 100630s1978 be u000 u fre u 013 $a169184 040 $aSeMil$bita 100 1 $aFossier, Robert,$d<1927-2012>.$0(OLS)http://semarc/name/3411 245 10$aPolyptyques et censiers. A-4., 1 /$cPar Robert Fossier. 260 $aTurnhout :$bBrepols,$c1978. 300 $a70 p., [1] c. di tav. ripieg. ;$c24 cm. 490 0 $aTypologie des sources du Moyen Age occidental ;$vFasc.28 830 0$aTypologie des sources du Moyen Age occidental ;$vFasc.28.$0(OLS)http://semarc/title/122 850 $aSeMil 852 $aSeMil$W1$xVenegono$y1$m2U II 128$j141352$B141352$CSeMilBibl$Z2$F152909 $81 961 $aOmaggio: Altro 996 $6245$aPolyptyques et censiers. A-4., 1$9(OLS)http://semarc/title/274815 996 $6260$aTurnhout :$bBrepols$9(OLS)http://semarc/publisher/29626